| 000 | 01166nmc a2200409 a 4500 | ||
|---|---|---|---|
| 003 | AR-BaBNM | ||
| 005 | 20251128203814.0 | ||
| 008 | 011101s1995 ||||||||||||||000 | spa|| | ||
| 020 | _a950-16-3053-6 | ||
| 040 | _cAR-BaBNM | ||
| 100 | 1 | _aPitluk, Laura | |
| 245 | 1 | 0 |
_aAula-taller en el jardín de infantes _bmetodología y cambio de actitud en el jardín de infantes |
| 250 | _a3ª ed. | ||
| 260 |
_aBuenos Aires _bTroquel _c1995 |
||
| 300 | _a128 p. | ||
| 490 | 0 | _aTroquel Educación | |
| 504 | _aBibliografía en p. 127-128 | ||
| 650 | 4 | _aTALLERES [METODO PEDAGOGICO] | |
| 650 | 4 | _aPRACTICA DOCENTE | |
| 650 | 4 | _aMETODOS DE ENSENANZA | |
| 650 | 4 | _aDERECHOS DEL NINO | |
| 650 | 4 | _aZOOLOGICOS | |
| 650 | 4 | _aNUMEROS | |
| 650 | 4 | _aLITERATURA INFANTIL | |
| 650 | 4 | _aCAMPAMENTO | |
| 650 | 4 | _aJUEGOS INFANTILES | |
| 650 | 4 | _aPARTICIPACION DE LOS PADRES | |
| 653 | _aJARDINES DE INFANTES | ||
| 653 | _aAULA-TALLER | ||
| 653 | _aPROCESO DE ENSENANZA-APRENDIZAJE | ||
| 653 | _aEDUCACION INICIAL | ||
| 653 | _aEXPRESION CORPORAL | ||
| 700 | 1 | _aEpsztein, Susana | |
| 800 | 1 |
_aHernaiz, Ignacio _edirector |
|
| 942 | _cBK | ||
| 998 | _cGrace | ||
| 999 |
_c4994 _d4994 |
||